Využitie MS Excel VBA v nemocenskom poistení

Saved in:
Bibliographic Details
Main Author: Škrovánková, Lea, 1954-
Other Authors: Ralbovský, Andrej, 1991-
Format: Book Chapter
Language:Slovak
Tags: Add Tag
No Tags, Be the first to tag this record!

MARC

LEADER 00000nla a2200000 4500
001 0235651
005 20240502073818.6
041 0 |a slo 
044 |a SK 
245 1 0 |a Využitie MS Excel VBA v nemocenskom poistení  |c Lea Škrovánková, Andrej Ralbovský 
500 |a Abstrakt 
100 1 |a Škrovánková, Lea, 1954- 
700 1 |a Ralbovský, Andrej, 1991-